Juventus, Inter Milan, AC Milan, AS Roma or SS Lazio players (2000-) - Statistics

General Stats
  • This quiz has been taken 38 times
  • The average score is 390 of 1221
Answer Stats
Ranking Player Positions Nationality Matches Goals (assists) Periods Clubs % Correct
3 Daniele De Rossi DM 551 54 (55) 2001-2019
100%
5 Francesco Totti CF 519 229 (130) 2000-2017
100%
1 Gianluigi Buffon GK 648 0 (0) 2001-2017, 2019-2021
100%
775 Ibrahim Bá RM 14 0 (1) 2000-2003
100%
4 Andrea Pirlo DM 531 59 (103) 2000-2015
96%
1194 Arijon Ibrahimovic AM 1 0 (0) 2024-2025
96%
7 Leonardo Bonucci CB 500 35 (11) 2005-2006, 2010-2023
96%
24 Zlatan Ibrahimović ST 349 174 (79) 2004-2008, 2010-2011, 2019-2023
96%
10 Alessandro Del Piero CF 415 172 (96) 2000-2012
92%
6 Giorgio Chiellini CB 512 31 (24) 2005-2022
92%
752 Jorge Martínez RW 16 0 (0) 2010-2011
92%
912 Josep Martínez GK 6 0 (0) 2024-2025
92%
42 Lautaro Martínez ST 303 139 (46) 2018-2025
92%
19 Alessandro Nesta CB 368 7 (2) 2000-2012
88%
100 Arturo Vidal CM 219 49 (29) 2011-2014, 2020-2022
88%
8 Clarence Seedorf CM 455 63 (71) 2000-2012
88%
94 Cristiano Zanetti DM 226 7 (18) 2000-2009
88%
11 Dejan Stanković CM 406 53 (60) 2000-2013
88%
29 Edin Džeko ST 339 146 (66) 2015-2023
88%
499 Emre Can DM 43 4 (1) 2018-2020
88%
2 Javier Zanetti RB 571 5 (19) 2000-2014
88%
495 Khéphren Thuram CM 44 4 (6) 2024-2025
88%
124 Lilian Thuram CB 189 1 (6) 2001-2006
88%
301 Marcus Thuram ST 89 32 (22) 2023-2025
88%
30 Miralem Pjanić CM 336 48 (79) 2011-2020
88%
17 Paulo Dybala CF 371 140 (68) 2015-2025
88%
9 Samir Handanovič GK 430 0 (0) 2005-2006, 2012-2023
88%
861 Alberto Costa RB 9 0 (1) 2024-2025
84%
214 Alexis Sánchez ST 127 21 (26) 2019-2021, 2023-2024
84%
125 Álvaro Morata ST 188 56 (37) 2014-2015, 2020-2021, 2024-2025
84%
73 Andrea Barzagli CB 256 2 (4) 2010-2019
84%
67 Cafu RB 265 7 (38) 2000-2008
84%
75 Cristian Chivu CB 249 9 (11) 2003-2013
84%
695 Daniel Maldini AM 20 1 (0) 2019-2022
84%
306 Douglas Costa RW 89 7 (19) 2017-2021
84%
16 Esteban Cambiasso DM 386 47 (29) 2004-2014
84%
41 Filippo Inzaghi ST 304 125 (25) 2000-2012
84%
12 Gennaro Gattuso CM 401 10 (16) 2000-2012
84%
162 Gonzalo Higuaín ST 155 68 (23) 2016-2020
84%
948 João Costa RW 5 0 (0) 2023-2024
84%
44 Juan Cuadrado RM 300 24 (57) 2015-2024
84%
48 Paolo Maldini LB 296 8 (7) 2000-2009
84%
27 Pavel Nedved LM 341 74 (85) 2000-2009
84%
139 Rui Costa AM 169 7 (33) 2001-2006
84%
184 Simone Inzaghi ST 142 32 (13) 2000-2006, 2008-2010
84%
26 Stephan Lichtsteiner RB 341 16 (32) 2008-2018
84%
18 Walter Samuel CB 371 29 (5) 2000-2003, 2005-2014
84%
34 Wojciech Szczesny GK 325 0 (1) 2015-2024
84%
936 Alessandro Rossi ST 5 0 (0) 2016-2017, 2018-2019
80%
564 André Silva ST 35 8 (0) 2017-2018, 2019-2020
80%
70 Andriy Shevchenko ST 260 135 (37) 2000-2005, 2008-2009
80%
295 Christian Pulisic RW 91 30 (22) 2023-2025
80%
53 Dida GK 286 0 (1) 2000-2001, 2002-2010
80%
166 Diego Milito ST 153 71 (25) 2009-2014
80%
91 Goran Pandev CF 227 59 (33) 2004-2011
80%
82 Ivan Perišić LW 237 51 (44) 2015-2018, 2020-2022
80%
107 Mauro Icardi ST 207 118 (28) 2013-2019
80%
160 Miroslav Klose ST 155 58 (30) 2011-2016
80%
290 Ronaldinho LW 94 26 (29) 2008-2011
80%
741 Sebastiano Rossi GK 16 0 (0) 2000-2002
80%
256 Thiago Silva CB 113 6 (1) 2009-2012
80%
35 Ciro Immobile ST 318 195 (50) 2008-2009, 2016-2024
76%
21 Claudio Marchisio CM 356 36 (40) 2006-2007, 2008-2018
76%
229 Cristiano Ronaldo ST 121 95 (25) 2018-2022
76%
557 Diego López GK 36 0 (0) 2014-2016
76%
663 Enrico Chiesa ST 23 6 (5) 2002-2003
76%
237 Federico Chiesa RW 118 28 (23) 2020-2024
76%
31 Gianluca Zambrotta RB 334 8 (33) 2000-2005, 2008-2012
76%
36 Hakan Çalhanoğlu DM 318 60 (76) 2017-2025
76%
108 Hernán Crespo ST 206 95 (23) 2000-2002, 2004-2005, 2006-2009
76%
15 Iván Córdoba CB 388 16 (9) 2000-2012
76%
1035 Jonathan Silva LB 2 0 (0) 2017-2018
76%
348 Jordan Lukaku LB 75 1 (5) 2016-2020
76%
58 Júlio César GK 280 0 (0) 2005-2012
76%
962 Júlio César CB 4 0 (0) 2000-2001
76%
51 Kaká AM 289 102 (75) 2003-2008, 2013-2014
76%
69 Nicolò Barella CM 260 23 (51) 2019-2025
76%
105 Patric CB 211 5 (5) 2015-2025
76%
358 Pau López GK 73 0 (0) 2019-2021
76%
134 Paul Pogba CM 175 31 (36) 2012-2015, 2022-2024
76%
109 Pedro RW 206 40 (22) 2020-2025
76%
141 Romelu Lukaku ST 166 93 (26) 2019-2020, 2022-2024
76%
566 Ronaldo ST 35 16 (7) 2001-2002, 2006-2008
76%
299 Samuel Eto'o ST 90 43 (21) 2009-2011
76%
20 Stefan de Vrij CB 356 22 (9) 2014-2025
76%
13 Stephan El Shaarawy LW 401 84 (54) 2011-2018, 2020-2025
76%
80 Theo Hernández LB 240 32 (36) 2019-2025
76%
150 Weston McKennie CM 163 17 (14) 2020-2025
76%
49 Alex Sandro LB 292 15 (29) 2015-2024
72%
478 Boulaye Dia ST 47 12 (3) 2024-2025
72%
252 Brahim Díaz RW 114 18 (15) 2020-2023
72%
38 Christian Abbiati GK 312 0 (0) 2000-2005, 2008-2016
72%
135 Christian Vieri ST 170 103 (18) 2000-2006
72%
211 Claudio López ST 129 37 (29) 2000-2004
72%
46 David Trezeguet ST 298 165 (35) 2000-2010
72%
180 Jaap Stam CB 143 6 (3) 2001-2006
72%
1088 Lisandro López CB 1 0 (0) 2017-2018
72%
216 Lúcio CB 126 4 (9) 2009-2013
72%
177 Mario Balotelli ST 144 51 (21) 2007-2009, 2012-2013, 2015-2016
72%
22 Massimo Ambrosini CM 355 28 (27) 2000-2013
72%
845 Maxi López ST 9 1 (2) 2011-2012
72%
901 Nicolás López ST 6 1 (0) 2012-2013
72%
217 Olivier Giroud ST 125 46 (20) 2021-2024
72%
721 Óscar López RB 18 0 (0) 2004-2005
72%
910 Pietro Pellegri ST 6 0 (0) 2021-2022
72%
535 Robert Kovac CB 39 1 (0) 2005-2007
72%
265 Wesley Sneijder AM 101 19 (29) 2009-2013
72%
522 Adrian Mutu LW 41 8 (7) 2004-2006
68%
154 Adriano ST 160 62 (24) 2001-2002, 2003-2008, 2010-2011
68%
92 Aleksandar Kolarov LB 227 24 (30) 2007-2009, 2017-2022
68%
175 Alexandre Pato ST 145 60 (17) 2007-2013
68%
1205 Antonio Donnarumma GK 1 0 (0) 2017-2018
68%
212 César LM 129 17 (17) 2001-2005, 2007-2008
68%
213 Dušan Vlahović ST 128 52 (13) 2021-2025
68%
118 Fabio Cannavaro CB 194 10 (3) 2002-2005, 2009-2010
68%
138 Federico Dimarco LB 169 16 (31) 2014-2015, 2019-2020, 2021-2025
68%
47 Felipe Anderson RW 296 54 (58) 2013-2017, 2021-2024
68%
1168 Flavio Roma GK 1 0 (0) 2010-2011
68%
66 Gianluca Mancini CB 265 18 (10) 2019-2025
68%
85 Gianluigi Donnarumma GK 231 0 (0) 2015-2021
68%
963 Ionuț Radu GK 4 0 (0) 2015-2016, 2020-2022
68%
43 Lorenzo Pellegrini AM 301 51 (58) 2014-2015, 2017-2025
68%
313 Luca Pellegrini LB 85 1 (8) 2018-2019, 2021-2025
68%
738 Luigi Sala CB 17 1 (0) 2000-2001
68%
215 Luís Figo RW 126 10 (27) 2005-2009
68%
580 Luiz Adriano ST 33 4 (4) 2015-2017
68%
55 Maicon RB 284 24 (52) 2006-2011, 2013-2016
68%
86 Mancini LW 230 48 (39) 2003-2011
68%
40 Marcelo Brozović DM 305 27 (39) 2014-2023
68%
342 Mario Gila CB 79 2 (0) 2022-2025
68%
155 Mario Mandžukić ST 159 41 (16) 2015-2018, 2020-2021
68%
490 Mark van Bommel CM 45 0 (1) 2010-2012
68%
300 Mateo Kovacic CM 90 5 (11) 2012-2015
68%
89 Milan Škriniar CB 228 11 (4) 2017-2023
68%
241 Patrick Vieira DM 117 12 (16) 2005-2010
68%
33 Philippe Mexès CB 331 19 (8) 2004-2016
68%
78 Rafael Leão LW 241 65 (58) 2019-2025
68%
205 Sami Khedira CM 131 21 (13) 2015-2020
68%
37 Sergej Milinković-Savić CM 315 64 (54) 2015-2023
68%
203 Simon Kjaer CB 133 1 (3) 2011-2012, 2019-2024
68%
14 Ștefan Radu LB 395 6 (21) 2007-2023
68%
170 Tammy Abraham ST 152 41 (17) 2021-2025
68%
546 Zinédine Zidane AM 37 6 (14) 2000-2001
68%
123 Adrien Rabiot CM 189 22 (15) 2019-2024
64%
831 André Anderson AM 10 0 (0) 2019-2020, 2021-2022
64%
375 Arkadiusz Milik ST 68 13 (2) 2022-2024
64%
796 Armand Traoré LB 12 0 (0) 2010-2011
64%
870 Bakaye Traoré CM 8 0 (0) 2012-2013
64%
296 Carlos Tevez ST 91 47 (19) 2013-2015
64%
1016 Chaka Traorè LW 3 1 (0) 2023-2024
64%
104 David Pizarro CM 212 14 (43) 2005-2012
64%
149 Denzel Dumfries RB 163 20 (25) 2021-2025
64%
448 Diego Llorente CB 53 1 (2) 2022-2024
64%
841 Djavan Anderson RM 9 0 (0) 2019-2021
64%
191 Edgar Davids CM 137 5 (10) 2000-2005
64%
142 Federico Bernardeschi RW 165 10 (23) 2017-2022
64%
314 Fernando Llorente ST 85 26 (8) 2013-2016
64%
56 Francesco Acerbi CB 281 13 (11) 2012-2013, 2018-2025
64%
114 Francesco Toldo GK 198 0 (1) 2001-2009
64%
316 Gervinho LW 84 23 (17) 2013-2016
64%
77 Henrikh Mkhitaryan CM 244 36 (43) 2019-2025
64%
112 Konstantinos Manolas CB 199 8 (6) 2014-2019
64%
116 Kwadwo Asamoah LM 195 4 (20) 2012-2020
64%
79 Marco Materazzi CB 241 20 (5) 2001-2011
64%
128 Matteo Darmian RB 185 12 (11) 2006-2007, 2008-2009, 2020-2025
64%
310 Medhi Benatia CB 87 8 (0) 2013-2014, 2016-2019
64%
64 Mirko Vucinić ST 268 79 (45) 2006-2014
64%
248 Moise Kean ST 115 20 (3) 2016-2017, 2018-2019, 2021-2024
64%
245 Obafemi Martins ST 117 39 (12) 2002-2006
64%
322 Ricardo Rodríguez LB 84 3 (5) 2017-2020
64%
798 Sergiño Dest RB 12 0 (0) 2022-2023
64%
122 Yuto Nagatomo LB 190 10 (16) 2010-2018
64%
84 Alessandro Bastoni CB 231 5 (23) 2019-2025
60%
25 Alessandro Florenzi RB 341 30 (38) 2010-2011, 2012-2019, 2021-2025
60%
23 Alessio Romagnoli CB 350 16 (4) 2012-2013, 2015-2025
60%
132 Álvaro Recoba CF 181 50 (46) 2000-2007
60%
110 Andrea Ranocchia CB 200 10 (4) 2010-2022
60%
28 Antonio Candreva AM, RW 339 60 (69) 2009-2010, 2011-2020
60%
103 Antonio Cassano CF 217 65 (54) 2001-2005, 2010-2013
60%
381 Antonio Rüdiger CB 67 2 (3) 2015-2017
60%
224 Blaise Matuidi CM 121 8 (6) 2017-2020
60%
206 Cristian Zapata CB 131 5 (5) 2012-2019
60%
298 Daniel Osvaldo ST 90 36 (12) 2011-2015
60%
145 Fikayo Tomori CB 164 7 (3) 2020-2025
60%
113 Franck Kessié CM 199 36 (15) 2017-2022
60%
57 Ignazio Abate RB 281 3 (18) 2003-2004, 2009-2019
60%
420 João Cancelo RB 58 2 (10) 2017-2019
60%
260 Kevin-Prince Boateng AM 106 15 (15) 2010-2012, 2015-2016
60%
617 Luca Toni ST 29 7 (2) 2009-2011
60%
50 Luis Alberto AM 289 50 (77) 2016-2024
60%
99 Manuel Locatelli DM 219 8 (12) 2015-2017, 2021-2025
60%
394 Marco Motta RB 63 0 (6) 2008-2010, 2013-2014
60%
95 Massimo Oddo RB 224 19 (34) 2002-2007, 2009-2011
60%
97 Mattia De Sciglio RB 223 2 (9) 2011-2024
60%
63 Mauro Camoranesi RM 272 30 (70) 2002-2010
60%
168 Mike Maignan GK 152 0 (3) 2021-2025
60%
343 Mohamed Salah RW 78 32 (21) 2015-2017
60%
297 Nigel de Jong DM 91 6 (3) 2012-2016
60%
83 Radja Nainggolan CM 232 38 (30) 2013-2018, 2020-2021
60%
204 Robinho LW 132 29 (27) 2010-2014
60%
146 Rodrigo Bentancur DM 164 2 (18) 2017-2022
60%
221 Rui Patrício GK 122 0 (0) 2021-2024
60%
227 Sebastian Giovinco CF 121 14 (21) 2006-2007, 2008-2009, 2012-2015
60%
101 Serginho LB 218 19 (41) 2000-2008
60%
52 Simone Perrotta AM 288 41 (21) 2004-2013
60%
148 Sulley Muntari CM 163 20 (12) 2008-2015
60%
370 Thiago Motta DM 70 12 (7) 2009-2012
60%
288 Tijjani Reijnders CM 95 17 (9) 2023-2025
60%
111 Vincenzo Montella ST 200 71 (24) 2000-2006, 2008-2009
60%
308 Yann Sommer GK 88 0 (0) 2023-2025
60%
393 Aaron Ramsey CM 64 6 (6) 2019-2022
56%
45 Adam Marusic RB 298 15 (16) 2017-2025
56%
165 Alessandro Costacurta CB 153 1 (3) 2000-2007
56%
201 Alessandro Matri ST 133 36 (11) 2002-2003, 2010-2016
56%
481 Alex CB 46 4 (1) 2014-2016
56%
413 Alisson GK 59 0 (1) 2016-2018
56%
251 Ante Rebić LW 114 28 (16) 2019-2023
56%
39 Bryan Cristante DM 309 19 (22) 2011-2012, 2013-2014, 2018-2025
56%
368 Carlos Bacca ST 70 31 (6) 2015-2017
56%
171 Chris Smalling CB 151 10 (4) 2019-2024
56%
59 Christian Panucci RB 279 27 (18) 2001-2009
56%
71 Cristian Brocchi CM 260 8 (20) 2000-2004, 2006-2013
56%
590 Dani Alves RB 31 5 (7) 2016-2017
56%
120 Danilo CB 191 8 (12) 2019-2025
56%
578 David Beckham CM 33 2 (9) 2008-2010
56%
383 Dejan Kulusevski AM 66 6 (7) 2020-2022
56%
209 Diego Perotti LW 130 31 (26) 2015-2020
56%
340 Diego Simeone CM 80 11 (7) 2000-2003
56%
328 Éder ST 82 14 (7) 2015-2018
56%
72 Emerson DM 256 23 (14) 2000-2005, 2007-2009
56%
530 Emerson LB 39 2 (1) 2015-2018
56%
335 Filip Kostić LM 80 3 (14) 2022-2024
56%
178 Jérémy Ménez ST 143 27 (18) 2008-2010, 2014-2016
56%
230 John Arne Riise LB 120 9 (13) 2008-2011
56%
465 José Mari ST 49 9 (6) 2000-2002
56%
189 Juan CB 137 11 (4) 2007-2012
56%
98 Juan Jesus CB 221 2 (2) 2011-2021
56%
292 Juan Sebastián Verón CM 93 7 (19) 2000-2001, 2004-2006
56%
74 Kakhaber Kaladze CB 255 12 (18) 2000-2010
56%
334 Keisuke Honda AM 81 9 (11) 2013-2017
56%
176 Marek Jankulovski LB 144 5 (10) 2005-2011
56%
222 Martín Cáceres CB 122 5 (6) 2009-2010, 2011-2015, 2017-2019
56%
261 Matthijs de Ligt CB 105 8 (3) 2019-2022
56%
627 Nemanja Vidic‎ CB 27 1 (0) 2014-2015
56%
406 Pepe Reina GK 62 0 (1) 2018-2022
56%
588 Ricardo Quaresma RW 32 1 (2) 2008-2010
56%
187 Vincent Candela LB 139 6 (18) 2000-2005
56%
508 Achraf Hakimi RB 42 7 (11) 2020-2021
52%
119 Alberto Aquilani CM 192 13 (20) 2002-2003, 2004-2008, 2010-2012
52%
305 Amauri ST 89 20 (6) 2008-2011
52%
545 André Onana GK 37 0 (0) 2022-2023
52%
559 Ángel Di María RW 36 8 (7) 2022-2023
52%
102 Angelo Peruzzi GK 217 0 (2) 2000-2007
52%
438 Arthur Melo DM 55 1 (0) 2020-2022
52%
126 Daniele Bonera CB 187 0 (2) 2006-2015
52%
199 Daniele Rugani CB 133 9 (1) 2015-2019, 2021-2024
52%
76 Davide Calabria RB 246 9 (21) 2014-2025
52%
643 Douglas Luiz CM 25 0 (0) 2024-2025
52%
236 Elseid Hysaj RB 118 2 (4) 2021-2025
52%
287 Fabio Quagliarella ST 95 29 (7) 2010-2014
52%
258 Felipe Melo DM 108 5 (1) 2009-2010, 2015-2017
52%
275 Fernando Muslera GK 98 0 (0) 2007-2011
52%
285 Gabriel Batistuta ST 96 34 (8) 2000-2003
52%
379 Hasan Salihamidzic RM 67 7 (5) 2007-2011
52%
96 Hernanes AM 223 43 (33) 2010-2017
52%
434 Igli Tare ST 55 4 (4) 2005-2008
52%
143 Ismaël Bennacer DM 165 8 (10) 2019-2025
52%
247 Ivan Provedel GK 115 1 (0) 2022-2025
52%
117 Joaquín Correa CF 194 40 (24) 2018-2022, 2024-2025
52%
90 Jonathan Zebina CB 228 2 (3) 2000-2010
52%
279 Jon Dahl Tomasson ST 97 26 (6) 2002-2005
52%
727 Lukas Podolski ST 17 1 (3) 2014-2015
52%
333 Malick Thiaw CB 81 1 (2) 2022-2025
52%
563 Marco Amelia GK 35 0 (0) 2010-2014
52%
195 Marco Borriello ST 136 36 (22) 2002-2003, 2006-2007, 2008-2011, 2013-2014
52%
416 Marko Arnautovic ST 59 12 (5) 2009-2010, 2023-2025
52%
608 Matteo Paro CM 30 1 (2) 2002-2003, 2006-2007
52%
523 Mattia Perin GK 40 0 (0) 2018-2019, 2021-2025
52%
537 Mehdi Taremi ST 38 2 (7) 2024-2025
52%
242 Miranda CB 117 1 (2) 2015-2019
52%
210 Nicola Zalewski LM 130 3 (10) 2020-2025
52%
350 Patrice Evra LB 75 3 (6) 2014-2017
52%
555 Piotr Zieliński CM 36 2 (3) 2024-2025
52%
391 Ruben Loftus-Cheek CM 64 10 (2) 2023-2025
52%
226 Sandro Tonali CM 121 7 (13) 2020-2023
52%
32 Senad Lulic LM 334 30 (48) 2011-2021
52%
422 Seydou Keita CM 58 4 (1) 2014-2016
52%
188 Suso RW 137 23 (30) 2014-2020
52%
121 Thomas Strakosha GK 191 0 (0) 2016-2022
52%
374 Timothy Weah RW 69 6 (5) 2023-2025
52%
60 Tommaso Rocchi ST 276 91 (32) 2004-2013
52%
281 Vincenzo Iaquinta ST 97 36 (13) 2007-2011
52%
417 Yann Bisseck CB 59 5 (4) 2023-2025
52%
156 Alexis Saelemaekers RW 159 15 (19) 2019-2022, 2024-2025
48%
441 Ashley Young RB 54 5 (9) 2019-2021
48%
318 Bremer CB 84 7 (1) 2022-2025
48%
317 Cengiz Ünder RW 84 17 (11) 2017-2020
48%
449 Christian Eriksen CM 53 6 (3) 2019-2021
48%
174 Dario Simic CB 145 2 (1) 2000-2008
48%
164 Davide Santon LB 154 0 (9) 2008-2010, 2014-2021
48%
509 Diego AM 42 5 (15) 2009-2010
48%
575 Diego Godín CB 34 2 (1) 2019-2020
48%
321 Fabio Grosso LB 84 4 (6) 2006-2007, 2009-2012
48%
147 Federico Fazio CB 164 14 (4) 2016-2021
48%
127 Federico Marchetti GK 185 0 (1) 2011-2017
48%
200 Felipe Caicedo ST 133 33 (13) 2017-2022
48%
347 Francesco Coco LB 76 4 (4) 2000-2005
48%
190 Giampaolo Pazzini ST 137 40 (8) 2010-2015
48%
61 Giuseppe Favalli LB 274 4 (12) 2000-2010
48%
986 Jan-Carlo Simić CB 4 1 (0) 2023-2024
48%
169 Keita Baldé LW 152 32 (19) 2013-2016, 2018-2019
48%
364 Kenan Yıldız LW 72 10 (7) 2023-2025
48%
228 Kevin Strootman CM 121 12 (17) 2013-2019
48%
158 Leandro Paredes DM 156 14 (10) 2014-2015, 2016-2017, 2022-2025
48%
157 Leonardo Spinazzola LB 158 7 (21) 2018-2024
48%
429 Luca Antonelli LB 57 4 (3) 2006-2007, 2014-2018
48%
131 Lucas Biglia DM 183 16 (16) 2013-2020
48%
500 Luka Jović ST 43 9 (2) 2023-2025
48%
1021 Mahamadou Baldé ST 2 0 (0) 2024-2025
48%
106 Manuel Lazzari RM 210 6 (18) 2019-2025
48%
233 Marco Delvecchio ST 120 20 (8) 2000-2005
48%
894 Mário Rui LB 7 0 (0) 2016-2017
48%
452 Marquinho AM 52 7 (2) 2011-2014
48%
87 Matías Vecino CM 229 26 (14) 2017-2025
48%
272 Matteo Gabbia CB 99 6 (1) 2019-2025
48%
311 Mattéo Guendouzi CM 87 3 (9) 2023-2025
48%
357 Mattia Destro ST 74 27 (4) 2012-2015
48%
504 Mauricio Isla RB 43 0 (5) 2012-2013, 2015-2016
48%
181 Mauro Zárate ST 142 31 (23) 2008-2013
48%
294 Maxwell LB 92 2 (5) 2006-2009
48%
630 Merih Demiral CB 27 1 (2) 2019-2021
48%
483 Milos Krasic RW 46 9 (8) 2010-2012
48%
786 Neto GK 12 0 (0) 2015-2017
48%
999 Nicolas Anelka ST 3 0 (0) 2012-2013
48%
437 Patrik Schick ST 55 5 (2) 2017-2019
48%
973 Pedro Neto RW 4 0 (0) 2018-2019
48%
567 Rivaldo AM 35 7 (3) 2002-2004
48%
585 Robin Olsen GK 33 0 (0) 2018-2019
48%
68 Rodrigo Taddei RW 264 29 (36) 2005-2014
48%
751 Santiago Gimenez ST 16 6 (2) 2024-2025
48%
234 Siniša Mihajlović CB 119 13 (18) 2000-2006
48%
1106 Stefan Simic CB 1 0 (0) 2018-2019
48%
268 Zdenek Grygera RB 101 3 (6) 2007-2011
48%
264 Zeki Çelik RB 101 1 (6) 2022-2025
48%
232 Alberto Gilardino ST 120 40 (15) 2005-2008
44%
649 Álex Jiménez RB 25 0 (1) 2023-2025
44%
231 André Dias CB 120 5 (1) 2009-2014
44%
488 Antonio Mirante GK 45 0 (0) 2006-2007, 2018-2020, 2022-2024
44%
312 Carlos Augusto LB 86 3 (9) 2023-2025
44%
130 Doni GK 183 0 (0) 2005-2011
44%
600 Édgar Álvarez RM 30 0 (2) 2005-2006, 2007-2008
44%
399 Erik Lamela RW 62 19 (13) 2011-2013
44%
326 Evan Ndicka CB 83 1 (5) 2023-2025
44%
568 Francisco Conceição RW 35 4 (6) 2024-2025
44%
208 Fredy Guarín CM 130 19 (32) 2011-2016
44%
151 Giacomo Bonaventura AM 163 30 (29) 2014-2020
44%
339 Gustav Isaksen RW 80 9 (10) 2023-2025
44%
274 Igor Tudor CB 98 17 (4) 2000-2005
44%
390 João Mário LW 64 4 (11) 2016-2019
44%
218 Jordan Veretout CM 124 22 (15) 2019-2022
44%
389 Juan Iturbe RW 65 4 (4) 2014-2017
44%
115 Julio Cruz ST 195 66 (23) 2003-2010
44%
386 Justin Kluivert AM 65 9 (8) 2018-2021
44%
405 Kily González LM 62 0 (7) 2003-2006
44%
319 Kristjan Asllani DM 84 3 (4) 2022-2025
44%
556 Krzysztof Piatek ST 36 13 (1) 2018-2020
44%
267 Luca Antonini LB 101 1 (6) 2008-2013
44%
129 Lucas Leiva DM 184 4 (9) 2017-2022
44%
524 Luis Jiménez AM 40 6 (6) 2006-2009
44%
432 Marcelo Salas ST 56 10 (6) 2000-2003
44%
81 Marco Parolo CM 240 36 (15) 2014-2021
44%
782 Matías Fernández AM 13 1 (2) 2016-2017
44%
161 Mattia Zaccagni LW 155 31 (27) 2021-2025
44%
770 Mauro Esposito RW 14 0 (1) 2007-2008
44%
371 M'Baye Niang ST 69 8 (8) 2012-2017
44%
324 Mile Svilar GK 83 0 (0) 2022-2025
44%
304 Mohamed Sissoko DM 89 3 (5) 2007-2011
44%
589 Nico González RW 32 4 (3) 2024-2025
44%
257 Paolo De Ceglie LB 113 2 (7) 2006-2007, 2008-2015
44%
185 Pierre Kalulu CB 142 4 (3) 2020-2025
44%
207 Rade Krunic DM 130 3 (6) 2019-2024
44%
331 Ricardo Álvarez CM 82 13 (17) 2011-2014
44%
179 Riccardo Montolivo DM 143 8 (11) 2012-2018
44%
173 Rick Karsdorp RB 149 1 (15) 2017-2018, 2020-2024
44%
853 Samuele Dalla Bona CM 9 0 (1) 2002-2003
44%
783 Sebastiano Esposito CF 13 1 (0) 2018-2020
44%
356 Sérgio Conceição RW 74 1 (10) 2001-2004
44%
1182 Simone Esposito RW 1 0 (0) 2008-2009
44%
323 Simone Pepe RW 83 12 (6) 2010-2015
44%
594 Stevan Jovetić CF 31 6 (3) 2015-2017
44%
349 Yunus Musah CM 75 0 (4) 2023-2025
44%
198 Álvaro González CM 134 5 (8) 2010-2015
40%
354 Andrea Cambiaso LB 74 4 (8) 2023-2025
40%
243 Andrea Poli CM 117 3 (6) 2011-2012, 2013-2017
40%
772 Ashley Cole LB 14 0 (0) 2014-2015
40%
421 Bojan Krkic CF 58 10 (3) 2011-2013
40%
278 Borja Valero CM 97 4 (0) 2017-2020
40%
219 Bruno Peres RB 123 6 (12) 2016-2017, 2019-2021
40%
1001 Catilina Aubameyang LM 3 0 (0) 2001-2003
40%
436 Christian Poulsen DM 55 1 (3) 2008-2010
40%
54 Cristian Ledesma DM 285 12 (41) 2006-2015
40%
65 Danilo D'Ambrosio CB 267 20 (19) 2013-2023
40%
565 David Suazo ST 35 8 (2) 2007-2008, 2009-2010
40%
610 Diego Laxalt LB 29 0 (0) 2018-2020
40%
593 Diogo Dalot RB 31 2 (3) 2020-2021
40%
562 Divock Origi ST 35 2 (1) 2022-2023
40%
527 Edwin van der Sar GK 40 0 (0) 2000-2001
40%
1011 Esteban González DM 3 0 (0) 2004-2005
40%
271 Federico Balzaretti LB 100 3 (11) 2005-2006, 2012-2015
40%
834 Fernando Torres ST 10 1 (0) 2014-2015
40%
843 Gabriel Barbosa ST 9 1 (0) 2016-2017
40%
603 Gabriel Heinze CB 30 0 (0) 2011-2012
40%
459 Geoffrey Kondogbia DM 50 2 (3) 2015-2017
40%
152 Gianluca Pessotto LB 162 0 (4) 2000-2006
40%
192 Giuseppe Pancaro RB 137 3 (14) 2000-2005
40%
988 Guillermo Burdisso CB 3 0 (0) 2010-2011
40%
397 Joel Obi CM 63 2 (1) 2010-2012, 2014-2015
40%
760 José Mauri CM 15 0 (1) 2015-2016, 2017-2019
40%
494 Juan Pablo Carrizo GK 44 0 (0) 2008-2009, 2011-2017
40%
365 Júlio Baptista AM 71 14 (6) 2008-2011
40%
428 Kévin Constant LB 57 0 (3) 2012-2014
40%
620 Klaas-Jan Huntelaar ST 28 7 (0) 2009-2010
40%
137 Marco Cassetti RB 169 5 (11) 2006-2012
40%
427 Marco Storari GK 57 0 (0) 2006-2007, 2009-2014, 2017-2018
40%
726 Marco van Ginkel CM 17 1 (3) 2014-2015
40%
730 Mariano González RW 17 0 (1) 2006-2007
40%
634 Marquinhos CB 26 0 (0) 2012-2013
40%
341 Morgan De Sanctis GK 80 0 (1) 2013-2016
40%
652 Nani LW 24 3 (3) 2017-2018
40%
196 Nicola Legrottaglie CB 136 9 (2) 2003-2004, 2006-2011
40%
93 Nicolás Burdisso CB 226 10 (3) 2004-2014
40%
225 Nicolò Zaniolo AM 121 23 (17) 2018-2019, 2021-2023
40%
577 Olof Mellberg CB 33 2 (0) 2008-2009
40%
587 Ricardo Oliveira ST 32 3 (1) 2006-2007
40%
640 Saphir Taïder CM 25 1 (2) 2013-2014
40%
684 Sérgio Oliveira CM 20 3 (1) 2021-2022
40%
777 Seydou Doumbia ST 14 2 (0) 2014-2015
40%
62 Stefano Mauri AM 273 42 (37) 2005-2016
40%
423 Stephen Appiah DM 58 3 (1) 2003-2005
40%
547 Teun Koopmeiners AM 37 3 (3) 2024-2025
40%
992 Wallace Oliveira RB 3 0 (0) 2013-2014
40%
531 Alexander Manninger GK 39 0 (0) 2008-2011
36%
385 Andrea Belotti ST 65 9 (4) 2022-2024
36%
373 Angeliño LB 69 4 (6) 2023-2025
36%
711 Antonio Chimenti GK 19 0 (0) 2002-2005, 2009-2010
36%
289 Antonio Conte CM 95 5 (6) 2000-2004
36%
502 Artem Dovbyk ST 43 14 (4) 2024-2025
36%
638 Bogdan Lobonț GK 26 0 (0) 2009-2013
36%
362 Carles Pérez RW 72 8 (7) 2019-2022
36%
582 Ciprian Tătărușanu GK 33 0 (1) 2020-2023
36%
558 Daichi Kamada AM 36 2 (2) 2023-2024
36%
88 Danilo Cataldi DM 229 8 (12) 2014-2016, 2018-2024
36%
916 Davide Di Gennaro AM 6 0 (0) 2006-2007, 2017-2018
36%
338 Davide Frattesi CM 80 14 (9) 2023-2025
36%
327 Demetrio Albertini DM 82 4 (10) 2000-2001, 2003-2004
36%
690 Diego Forlán ST 20 2 (3) 2011-2012
36%
445 Dino Baggio DM 54 1 (2) 2000-2003
36%
653 Djibril Cissé ST 24 2 (8) 2011-2012
36%
435 Dodô LB 55 1 (4) 2012-2015
36%
337 Eldor Shomurodov ST 80 10 (11) 2021-2022, 2024-2025
36%
259 Emre Belözoğlu CM 108 4 (11) 2001-2005
36%
376 Fabio Miretti CM 68 1 (4) 2021-2024
36%
283 Federico Gatti CB 96 7 (2) 2022-2025
36%
954 Felipe CB 4 0 (0) 2014-2015
36%
186 Fernando Couto CB 139 9 (0) 2000-2005
36%
635 Fodé Ballo-Touré LB 26 1 (0) 2021-2023
36%
266 Gary Medel CB 101 1 (4) 2014-2017
36%
625 Gianluca Lapadula ST 27 8 (3) 2016-2017
36%
382 Jeison Murillo CB 66 2 (2) 2015-2017
36%
419 Juraj Kucka CM 59 4 (5) 2015-2017
36%
731 Kingsley Coman LW 17 0 (2) 2014-2016
36%
263 Lorik Cana DM 102 4 (2) 2011-2015
36%
202 Luiz Felipe CB 133 2 (5) 2017-2022
36%
805 Lukasz Skorupski GK 12 0 (0) 2013-2014, 2017-2018
36%
359 Marco Di Vaio ST 73 25 (12) 2002-2004
36%
542 Mario Lemina DM 37 3 (1) 2015-2017
36%
353 Mateo Musacchio CB 74 2 (2) 2017-2021
36%
246 Mathieu Flamini DM 116 7 (6) 2008-2013
36%
826 Nicklas Bendtner ST 10 0 (0) 2012-2013
36%
392 Nicolò Fagioli CM 64 3 (8) 2020-2021, 2022-2025
36%
367 Nicolò Rovella DM 71 0 (6) 2022-2025
36%
1189 Raffaele Di Gennaro GK 1 0 (0) 2023-2024
36%
849 Robbie Keane ST 9 1 (2) 2000-2001
36%
133 Roberto Gagliardini CM 179 16 (9) 2016-2023
36%
462 Robin Gosens LB 50 4 (1) 2021-2023
36%
604 Rubén Olivera CM 30 4 (2) 2002-2003, 2004-2005, 2007-2008
36%
269 Samu Castillejo RW 100 9 (12) 2018-2022
36%
291 Simone Padoin CM 94 3 (4) 2011-2016
36%
683 Simone Zaza ST 21 6 (1) 2015-2016
36%
329 Taty Castellanos ST 82 18 (12) 2023-2025
36%
474 Tiago Mendes CM 48 0 (5) 2007-2010
36%
372 Valon Behrami CM 69 4 (2) 2005-2008
36%
722 Xherdan Shaqiri AM 18 2 (2) 2014-2015
36%
747 Adel Taarabt CM 16 4 (2) 2013-2014
32%
293 Adem Ljajic AM 93 18 (11) 2013-2016
32%
519 Adil Rami CB 41 4 (2) 2013-2015
32%
403 Aldair CB 62 1 (2) 2000-2003
32%
163 Alessandro Birindelli RB 155 2 (7) 2000-2004, 2006-2008
32%
678 Alex Telles LB 21 0 (1) 2015-2016
32%
510 Álvaro Pereira LB 42 1 (5) 2012-2014
32%
591 Andreas Pereira AM 31 1 (3) 2020-2021
32%
315 Bastos CB 84 8 (0) 2016-2021
32%
1003 Benedikt Höwedes CB 3 1 (0) 2017-2018
32%
395 Benjamin Pavard CB 63 1 (3) 2023-2025
32%
250 Christian Manfredini LW 115 7 (1) 2002-2003, 2004-2009
32%
631 Christos Mandas GK 27 0 (0) 2023-2025
32%
344 Cicinho RB 78 3 (6) 2007-2012
32%
754 Cristian Zaccardo CB 16 1 (1) 2012-2015
32%
140 Damiano Tommasi CM 169 11 (10) 2000-2003, 2005-2006
32%
1051 Daniel Maa Boumsong DM 2 0 (1) 2005-2006
32%
788 Djamel Mesbah LB 12 0 (0) 2011-2013
32%
302 Edoardo Bove CM 89 4 (2) 2020-2024
32%
907 Emil Audero GK 6 0 (0) 2016-2017, 2023-2024
32%
480 Etrit Berisha GK 47 0 (0) 2013-2016
32%
309 Fabio Borini LW 88 16 (6) 2011-2012, 2017-2020
32%
596 Fabrizio Miccoli ST 31 9 (9) 2003-2004
32%
153 Giuliano Giannichedda DM 162 1 (3) 2001-2007
32%
286 Guglielmo Stendardo CB 95 6 (1) 2005-2007, 2009-2011
32%
705 Gustavo Gómez CB 19 0 (0) 2016-2018
32%
536 Houssine Kharja CM 38 2 (6) 2005-2006, 2010-2011
32%
863 Ishak Belfodil ST 8 0 (1) 2013-2014
32%
570 Javier Pastore AM 35 3 (3) 2018-2021
32%
581 Jean-Alain Boumsong CB 33 2 (0) 2006-2007
32%
658 Jens Petter Hauge LW 23 5 (1) 2020-2021
32%
735 João Félix CF 17 2 (1) 2024-2025
32%
714 José Sosa AM 18 0 (3) 2016-2017
32%
404 Junior Messias RW 62 12 (4) 2021-2023
32%
1200 Lapo Nava GK 1 0 (0) 2023-2024
32%
525 Laurent Blanc CB 40 3 (0) 2000-2001
32%
363 Leandro Castán CB 72 1 (1) 2012-2016
32%
496 Manu Koné CM 44 2 (3) 2024-2025
32%
401 Marash Kumbulla CB 62 3 (0) 2020-2023
32%
220 Marcelo Zalayeta ST 123 21 (13) 2001-2007
32%
411 Marco Ballotta GK 60 0 (0) 2000-2001, 2005-2008
32%
377 Marco Marchionni RM 68 3 (9) 2006-2009
32%
692 Marcos Antônio CM 20 1 (1) 2022-2023
32%
813 Marco Sportiello GK 11 0 (0) 2023-2025
32%
650 Mario Pasalić CM 24 5 (1) 2016-2017
32%
254 Mark Iuliano CB 114 4 (3) 2000-2004
32%
1000 Matheus Pereira CM 3 0 (0) 2018-2019
32%
238 Matteo Ferrari CB 118 2 (2) 2000-2001, 2004-2005, 2006-2008
32%
407 Matteo Politano RW 61 6 (6) 2018-2020
32%
330 Matuzalém DM 82 3 (3) 2008-2012
32%
518 Michael Bradley CM 41 2 (2) 2012-2014
32%
742 Michel Bastos LM 16 1 (0) 2013-2014
32%
514 Niccolò Pisilli CM 42 4 (1) 2022-2025
32%
172 Olivier Dacourt DM 151 2 (3) 2002-2009
32%
253 Paolo Montero CB 114 4 (0) 2000-2005
32%
280 Paolo Negro RB 97 3 (1) 2000-2005
32%
346 Patrick Cutrone ST 77 21 (8) 2016-2019
32%
400 Roberto Pereyra CM 62 4 (5) 2014-2016
32%
159 Rodrigo Palacio ST 156 50 (30) 2012-2017
32%
182 Roger Ibañez CB 142 9 (2) 2019-2023
32%
410 Roque Júnior CB 61 0 (1) 2000-2003
32%
387 Samuel Chukwueze RW 65 6 (6) 2023-2025
32%
679 Samuel Gigot CB 21 2 (0) 2024-2025
32%
560 Sébastien Frey GK 36 0 (0) 2000-2001
32%
804 Sime Vrsaljko RB 12 0 (2) 2018-2019
32%
923 Simone Pasa DM 6 0 (0) 2012-2013
32%
540 Steven Nzonzi DM 38 1 (2) 2018-2019
32%
284 Thomas Helveg RB 96 1 (3) 2000-2004
32%
277 Urby Emanuelson CM 97 4 (11) 2010-2015
32%
685 Valon Berisha LM 20 0 (1) 2018-2020
32%
361 Vasilios Torosidis RB 72 5 (5) 2012-2016
32%
807 Víctor Ibarbo CF 12 0 (1) 2014-2016
32%
477 Zeljko Kalac GK 47 0 (0) 2005-2009
32%
816 Ainsley Maitland-Niles RB 11 0 (0) 2021-2022
28%
325 Aleandro Rosi RB 83 3 (5) 2004-2006, 2010-2012
28%
484 Alessio Cerci RW 46 3 (8) 2003-2005, 2009-2010, 2014-2016
28%
144 Alessio Tacchinardi DM 165 8 (15) 2000-2005
28%
487 Andrea Bertolacci CM 46 2 (2) 2015-2016, 2018-2019
28%
498 Andrea Conti RB 43 0 (4) 2017-2022
28%
468 Angelo Ogbonna CB 48 0 (0) 2013-2015
28%
471 Antônio Carlos Zago CB 48 0 (2) 2000-2002
28%
223 Antonio Nocerino CM 121 13 (8) 2007-2008, 2011-2013, 2015-2016
28%
1141 Axel Bakayoko RW 1 0 (0) 2016-2017
28%
922 Carlo Pinsoglio GK 6 0 (0) 2017-2021, 2023-2024
28%
864 Cédric Soares RB 8 0 (2) 2018-2019
28%
539 Charles De Ketelaere AM 38 0 (1) 2022-2023
28%
533 Cosmin Contra RB 39 4 (5) 2001-2002
28%
779 Dean Huijsen CB 14 2 (1) 2023-2024
28%
960 Eljero Elia LW 4 0 (0) 2011-2012
28%
497 Emanuele Giaccherini LM 44 4 (6) 2011-2013
28%
586 Éver Banega CM 32 6 (7) 2016-2017
28%
787 Ezequiel Schelotto RM 12 1 (0) 2012-2013
28%
628 Federico Peluso LB 27 1 (3) 2012-2014
28%
670 Fernando Redondo DM 22 0 (3) 2002-2004
28%
489 Gabriel Paletta CB 45 2 (2) 2014-2015, 2016-2018
28%
639 Gaizka Mendieta RM 26 0 (1) 2001-2002
28%
194 Giuseppe Biava CB 136 6 (1) 2009-2014
28%
592 Hakan Şükür ST 31 6 (2) 2000-2001
28%
320 Ivan Pelizzoli GK 84 0 (0) 2001-2005
28%
952 Iván Zamorano ST 4 1 (0) 2000-2001
28%
665 Javi Moreno ST 23 5 (2) 2001-2002
28%
430 Jonathan RB 57 3 (8) 2011-2015
28%
431 Júlio Sérgio GK 56 0 (0) 2009-2011
28%
583 Luca Marchegiani GK 33 0 (0) 2000-2003
28%
967 Luís Maximiano GK 4 0 (0) 2022-2023
28%
467 Maarten Stekelenburg GK 48 0 (0) 2011-2013
28%
458 Manuele Blasi CM 51 0 (1) 2004-2006
28%
552 Mapou Yanga-Mbiwa CB 37 1 (1) 2014-2015
28%
950 Márcio Amoroso ST 4 1 (0) 2005-2006
28%
794 Mario Hermoso CB 12 1 (0) 2024-2025
28%
506 Mario Yepes CB 43 1 (0) 2010-2013
28%
708 Mats Hummels CB 19 1 (0) 2024-2025
28%
193 Matteo Brighi CM 137 12 (6) 2000-2001, 2007-2011
28%
1037 Mattia Caldara CB 2 0 (0) 2018-2019, 2023-2024
28%
262 Max Tonetto LB 104 1 (12) 2006-2010
28%
669 Michael Essien DM 22 0 (0) 2013-2015
28%
517 Michele Di Gregorio GK 41 0 (0) 2024-2025
28%
444 Nikola Kalinić ST 54 11 (7) 2017-2018, 2019-2020
28%
451 Noah Okafor LW 52 7 (4) 2023-2025
28%
615 Nuno Tavares LB 29 0 (9) 2024-2025
28%
924 Pablo García DM 6 0 (0) 2000-2001
28%
439 Paolo Di Canio ST 55 12 (6) 2004-2006
28%
723 Rafinha AM 17 2 (3) 2017-2018
28%
614 Rasmus Kristensen RB 29 1 (2) 2023-2024
28%
460 Stefano Sensi CM 50 3 (5) 2019-2021, 2023-2024
28%
332 Stefano Sturaro CM 81 3 (2) 2014-2018
28%
398 Stéphane Dalmat CM 63 4 (6) 2000-2003
28%
868 Taye Taiwo LB 8 0 (0) 2011-2012
28%
426 Tiemoué Bakayoko DM 57 1 (1) 2018-2019, 2021-2023
28%
380 Toma Bašić CM 67 2 (2) 2021-2023
28%
904 Tommaso Berni GK 6 0 (0) 2006-2007, 2009-2011
28%
707 Valter Birsa AM 19 2 (1) 2013-2014
28%
486 Vedat Muriqi ST 46 1 (1) 2020-2022
28%
737 Victor Moses RW 17 0 (5) 2019-2020
28%
414 Wallace CB 59 2 (1) 2016-2019
28%
336 Wesley Hoedt CB 80 3 (1) 2015-2016, 2020-2021
28%
255 Abdoulay Konko RB 113 1 (6) 2011-2016
24%
938 Ahmed Barusso DM 5 0 (0) 2007-2008
24%
892 Alberto Paloschi ST 7 2 (0) 2007-2008
24%
396 Amadou Diawara DM 63 2 (2) 2019-2022
24%
443 Borja Mayoral ST 54 18 (7) 2020-2022
24%
598 Brayan Perea ST 30 3 (4) 2013-2015
24%
244 Ciro Ferrara CB 117 6 (2) 2000-2005
24%
360 Cristian Molinaro LB 72 0 (2) 2007-2010
24%
908 Daniele Padelli GK 6 0 (0) 2019-2021
24%
623 Davide Astori CB 28 1 (0) 2014-2015
24%
806 Davide Bartesaghi LB 12 0 (0) 2023-2025
24%
728 Davy Klaassen CM 17 0 (0) 2023-2024
24%
795 Denis Zakaria DM 12 1 (1) 2021-2023
24%
270 Dusan Basta RB 100 1 (7) 2014-2019
24%
476 Ederson AM 47 5 (4) 2012-2015
24%
858 Enzo Le Fée CM 9 0 (0) 2024-2025
24%
906 Eusebio Di Francesco CM 6 0 (0) 2000-2001
24%
485 Fábio Simplício CM 46 8 (3) 2010-2012
24%
601 Fernando Gago DM 30 1 (3) 2011-2012
24%
366 Filip Djordjevic ST 71 14 (6) 2014-2017
24%
282 Francesco Antonioli GK 97 0 (0) 2000-2003
24%
893 Gabriel GK 7 0 (0) 2013-2014
24%
622 Georgios Karagounis CM 28 0 (3) 2003-2005
24%
516 Gianluca Curci GK 41 0 (0) 2004-2007, 2011-2012
24%
817 Hans Nicolussi Caviglia CM 11 0 (1) 2018-2019, 2023-2024
24%
939 Héctor Moreno CB 5 0 (0) 2017-2018
24%
940 Hélder Postiga ST 5 0 (0) 2013-2014
24%
671 Hidetoshi Nakata AM 22 3 (2) 2000-2001
24%
543 Hugo Campagnaro CB 37 0 (2) 2013-2015
24%
609 Iván Piris RB 29 0 (3) 2012-2013
24%
636 John Carew ST 26 7 (3) 2003-2004
24%
457 José Chamot CB 51 0 (0) 2000-2003
24%
859 Juan Cabal LB 9 0 (1) 2024-2025
24%
835 Juan Pablo Sorín LB 10 0 (0) 2002-2003
24%
857 Kaio Jorge ST 9 0 (0) 2021-2022
24%
466 Karel Poborský RW 48 5 (7) 2000-2002
24%
785 Kyle Walker RB 13 0 (0) 2024-2025
24%
303 Leandro Cufré LB 89 2 (2) 2002-2003, 2004-2006
24%
848 Léo Duarte CB 9 0 (0) 2019-2021
24%
624 Leonardo AM 27 4 (1) 2000-2001, 2002-2003
24%
355 Libor Kozák ST 74 19 (3) 2008-2009, 2010-2013
24%
774 Lloyd Kelly CB 14 0 (0) 2024-2025
24%
618 Luca Castellazzi GK 29 0 (0) 2010-2013
24%
789 Lucas Ocampos LW 12 0 (2) 2016-2017
24%
520 Ludovic Giuly RW 41 7 (2) 2007-2008
24%
235 Luigi Di Biagio DM 119 14 (6) 2000-2003
24%
877 Maniche CM 8 1 (0) 2007-2008
24%
503 Marco Andreolli CB 43 3 (1) 2004-2006, 2009-2010, 2013-2014, 2016-2017
24%
715 Marko Pjaca LW 18 1 (0) 2016-2017
24%
512 Matías Almeyda DM 42 1 (1) 2002-2004
24%
425 Matías Soulé RW 58 6 (5) 2021-2022, 2024-2025
24%
637 McDonald Mariga DM 26 0 (0) 2009-2010, 2012-2013
24%
799 Mido ST 12 0 (3) 2004-2005
24%
409 Mohamed Kallon ST 61 20 (8) 2001-2004
24%
276 Ogenyi Onazi DM 97 7 (7) 2011-2016
24%
197 Ousmane Dabo DM 135 4 (3) 2003-2005, 2007-2010
24%
873 Pablo Armero LM 8 0 (1) 2014-2015
24%
682 Panagiotis Tachtsidis DM 21 1 (2) 2012-2013
24%
748 Pelé CM 16 0 (0) 2007-2008
24%
709 Philippe Senderos CB 19 0 (1) 2008-2009
24%
1057 Radu Drăgușin CB 2 0 (0) 2020-2021
24%
455 Raffaele Palladino LW 51 10 (6) 2006-2008
24%
793 Renato Sanches CM 12 1 (0) 2023-2024
24%
612 Rolando CB 29 4 (0) 2013-2014
24%
1052 Rubinho GK 2 0 (0) 2012-2014
24%
521 Samuel Iling-Junior LB, LW 41 2 (4) 2022-2024
24%
454 Santiago Solari LM 52 4 (2) 2005-2008
24%
626 Sardar Azmoun ST 27 3 (3) 2023-2024
24%
855 Sergio Almirón CM 9 0 (0) 2007-2008
24%
273 Sergio Floccari ST 98 29 (8) 2009-2010, 2012-2014
24%
687 Soualiho Meïté DM 20 0 (0) 2020-2021
24%
249 Stefano Fiore AM 115 21 (17) 2001-2004
24%
595 Strahinja Pavlović CB 31 2 (2) 2024-2025
24%
755 Tajon Buchanan RM, RW 16 1 (0) 2023-2025
24%
811 Thomas Vermaelen CB 11 0 (0) 2016-2017
24%
550 Tijjani Noslin RW 37 3 (3) 2024-2025
24%
757 Tomás Rincón DM 16 0 (1) 2016-2017
24%
463 Vratislav Gresko LB 50 1 (6) 2000-2002
24%
732 Yann Karamoh LW 17 1 (0) 2017-2019
24%
475 Yoann Gourcuff AM 47 3 (6) 2006-2008
24%
493 Youssouf Fofana DM 45 1 (8) 2024-2025
24%
461 Zdravko Kuzmanovic CM 50 1 (4) 2012-2015
24%
862 Abel Balbo ST 8 0 (0) 2000-2002
20%
860 Alexander Merkel CM 9 0 (0) 2010-2012
20%
418 Andrés Guglielminpietro LM 59 2 (5) 2000-2003
20%
1048 Asmir Begovic GK 2 0 (0) 2019-2020
20%
369 Bernardo Corradi ST 70 20 (7) 2002-2004
20%
919 Clément Grenier CM 6 0 (1) 2016-2017
20%
554 Cristiano Biraghi LB 36 3 (6) 2010-2011, 2019-2020
20%
479 Cristian Zenoni RB 47 2 (6) 2001-2003
20%
651 Dalbert LB 24 0 (1) 2017-2019
20%
511 Daniele Adani CB 42 4 (0) 2002-2004
20%
844 Daniele Verde RW 9 0 (2) 2014-2015
20%
886 Daniel Fuzato GK 7 0 (0) 2019-2022
20%
840 Davide Zappacosta RM 9 0 (1) 2019-2020
20%
698 Diego Fuser RM 20 2 (1) 2001-2003
20%
646 Domenico Morfeo AM 25 2 (2) 2002-2003
20%
818 Emiliano Moretti CB 11 0 (0) 2002-2003
20%
482 Enzo Maresca CM 46 5 (8) 2001-2002, 2003-2004
20%
699 Filippo Terracciano RB 20 0 (0) 2023-2025
20%
740 Francesco Camarda ST 16 0 (0) 2023-2025
20%
776 Francesco Tavano ST 14 2 (1) 2006-2007
20%
739 Frederik Sørensen CB 17 0 (1) 2010-2011
20%
847 Gaetano Castrovilli CM 9 0 (0) 2024-2025
20%
724 Gerard Deulofeu ST 17 4 (3) 2016-2017
20%
809 Grigoris Georgatos LB 12 1 (1) 2001-2002
20%
1131 Grigoris Kastanos AM 1 0 (0) 2018-2019
20%
641 Houssem Aouar AM 25 4 (0) 2023-2024
20%
447 Jean-Daniel Akpa Akpro CM 53 1 (1) 2020-2022
20%
710 Johann Vogel DM 19 0 (1) 2005-2006
20%
505 Jonathan Biabiany RW 43 1 (6) 2010-2011, 2015-2017
20%
971 Jovane Cabral LW 4 1 (0) 2021-2022
20%
764 Leonel Vangioni LB 15 0 (0) 2016-2017
20%
1133 Lorenzo Di Livio AM 1 0 (0) 2015-2016
20%
549 Lucas Paquetá AM 37 1 (2) 2018-2020
20%
378 Luis Pedro Cavanda RB 67 1 (3) 2009-2015
20%
664 Luka Romero RW 23 1 (0) 2021-2024
20%
778 Marcelo Estigarribia CM 14 1 (1) 2011-2012
20%
473 Marcos Assunção CM 48 8 (7) 2000-2002
20%
1188 Marko Lazetić ST 1 0 (0) 2022-2023
20%
808 Marko Livaja ST 12 4 (0) 2012-2013
20%
528 Matías Viña LB 40 0 (2) 2021-2023
20%
767 Mauro Goicoechea GK 15 0 (0) 2012-2013
20%
642 Milan Badelj DM 25 1 (0) 2018-2019
20%
771 Milan Bisevac CB 14 1 (0) 2015-2016
20%
345 Modibo Diakité CB 78 2 (3) 2006-2012
20%
629 Mohamed Salim Fares LB 27 0 (1) 2020-2021
20%
694 Nelson Rivas CB 20 0 (0) 2007-2009
20%
472 Nemanja Matic DM 48 2 (3) 2022-2023
20%
856 Nikola Lazetic RM 9 1 (0) 2002-2003
20%
551 Oliver Bierhoff ST 37 8 (7) 2000-2001
20%
750 Olivier Kapo AM 16 0 (1) 2004-2005
20%
905 Paolo Orlandoni GK 6 0 (0) 2000-2001, 2005-2006, 2007-2008, 2010-2011
20%
704 Ricardo Kishna LW 19 2 (3) 2015-2017
20%
1132 Rolando Mandragora DM 1 0 (0) 2016-2017
20%
852 Salvatore Bocchetti CB 9 0 (0) 2014-2015
20%
619 Samuel Kuffour CB 28 1 (1) 2005-2006
20%
607 Samuel Mbangula LW 30 4 (4) 2024-2025
20%
865 Silvio Proto GK 8 0 (0) 2018-2020
20%
937 Sokratis Papastathopoulos CB 5 0 (0) 2010-2011
20%
491 Stefano Okaka ST 45 4 (4) 2005-2006, 2008-2011
20%
1036 Tomás Guzmán AM 2 0 (0) 2001-2002, 2006-2007
20%
433 Traianos Dellas CB 56 3 (3) 2002-2005
20%
825 Ümit Davala RM 10 0 (0) 2001-2002
20%
823 Valentino Lazaro RM 10 0 (2) 2019-2020
20%
850 Victor Obinna CF 9 1 (1) 2008-2009
20%
569 Walter Gargano DM 35 0 (2) 2012-2013
20%
803 Yann M'Vila DM 12 0 (0) 2014-2015
20%
553 Zé Maria RB 37 1 (6) 2004-2006
20%
666 Zvonimir Boban AM 23 2 (2) 2000-2001
20%
673 Albano Bizzarri GK 22 0 (0) 2009-2010, 2011-2013
16%
1008 Albin Ekdal DM 3 0 (0) 2008-2009
16%
1102 Alex Cordaz GK 1 0 (0) 2022-2023
16%
956 Andrea Petagna ST 4 0 (0) 2012-2014
16%
492 Andy van der Meyde RW 45 3 (7) 2003-2005
16%
790 Artur Moraes GK 12 0 (0) 2008-2010
16%
676 Carlo Zotti GK 21 0 (0) 2002-2005
16%
240 Cribari CB 118 1 (0) 2005-2010
16%
828 Cristiano Lupatelli GK 10 0 (0) 2000-2001
16%
961 Dario Knezevic CB 4 0 (0) 2008-2009
16%
574 Darko Kovacevic ST 35 6 (1) 2000-2002
16%
736 Devyne Rensch RB 17 0 (1) 2024-2025
16%
1185 Dídac Vilà LB 1 0 (0) 2010-2011
16%
869 Domenico Criscito LB 8 0 (0) 2007-2008
16%
821 Ebrima Darboe DM 11 0 (1) 2020-2022
16%
1043 Elio Capradossi CB 2 0 (0) 2017-2018
16%
827 Ervin Zukanovic CB 10 0 (1) 2015-2016
16%
878 Fabián Carini GK 7 0 (0) 2001-2002, 2004-2005
16%
1064 Fabricio Coloccini CB 2 0 (0) 2004-2005
16%
700 Felix Afena-Gyan ST 20 2 (0) 2021-2022
16%
239 Francisco Lima CM 118 0 (6) 2001-2004
16%
1045 Gaston Camara RW 2 0 (0) 2014-2015
16%
659 Georginio Wijnaldum CM 23 2 (1) 2022-2023
16%
402 Gonzalo Villar CM 62 0 (1) 2019-2022
16%
686 Grégoire Defrel ST 20 1 (0) 2017-2018
16%
632 Iago Falque RW 27 3 (2) 2015-2016
16%
388 Javier Farinós DM 65 2 (4) 2000-2004
16%
985 Jorge Andrade CB 4 0 (1) 2007-2008
16%
579 Jose Cholevas LB 33 1 (1) 2014-2015
16%
1212 Lorenzo Torriani GK 1 0 (0) 2024-2025
16%
914 Louis Saha ST 6 0 (0) 2012-2013
16%
515 Lucas Digne LB 41 3 (4) 2015-2016
16%
918 Lucas Gourna-Douath DM 6 0 (0) 2024-2025
16%
167 Luciano Zauri RB 153 5 (8) 2003-2007, 2011-2012
16%
681 Mady Camara CM 21 0 (1) 2022-2023
16%
814 Marco Ferrante ST 11 1 (0) 2000-2001
16%
1197 Marco Pellegrino CB 1 0 (0) 2023-2024
16%
797 Marco Simone CF 12 0 (0) 2001-2002
16%
983 Marley Aké LW 4 0 (0) 2021-2022
16%
408 Martin Laursen CB 61 2 (0) 2001-2004
16%
1015 Martín Montoya RB 3 0 (0) 2015-2016
16%
442 Massimo Mutarelli CM 54 4 (5) 2006-2008
16%
602 Matteo Cancellieri RW 30 0 (0) 2022-2023
16%
561 Matteo Sereni GK 36 0 (0) 2003-2006
16%
470 Maurício CB 48 0 (1) 2014-2015, 2017-2018
16%
672 Maxime Gonalons DM 22 0 (2) 2017-2018
16%
384 Michaël Ciani CB 65 1 (1) 2012-2015
16%
571 Michele Paramatti LB 35 0 (2) 2000-2002
16%
866 Michele Pazienza DM 8 0 (0) 2011-2012
16%
573 Nicolò Savona RB 35 2 (1) 2024-2025
16%
532 Okan Buruk RM 39 2 (4) 2001-2004
16%
763 Ola Solbakken RW 15 1 (2) 2022-2024
16%
352 Pasquale Foggia AM 74 6 (10) 2006-2007, 2008-2011
16%
513 Philippe Coutinho AM 42 4 (3) 2010-2013
16%
947 Rafael Tolói CB 5 0 (0) 2013-2014
16%
680 Raoul Bellanova RM 21 0 (1) 2022-2023
16%
719 Riccardo Calafiori LB 18 1 (3) 2019-2022
16%
911 Riccardo Sottil LW 6 0 (0) 2024-2025
16%
464 Roberto Muzzi ST 49 8 (3) 2003-2006
16%
979 Roberto Sensini CB 4 0 (0) 2000-2001
16%
875 Rodney Strasser DM 8 1 (0) 2008-2012
16%
758 Rolando Bianchi ST 15 4 (0) 2007-2008
16%
660 Sabri Lamouchi CM 23 0 (1) 2003-2004
16%
837 Salih Uçan CM 9 0 (1) 2014-2016
16%
613 Santiago Gentiletti CB 29 1 (0) 2014-2016
16%
872 Saud Abdulhamid RB 8 1 (1) 2024-2025
16%
691 Shabani Nonda ST 20 6 (1) 2005-2006
16%
507 Tommaso Pobega CM 42 3 (0) 2022-2024
16%
1095 Trent Sainsbury CB 1 0 (0) 2016-2017
16%
717 Valeri Bozhinov ST 18 5 (0) 2006-2007
16%
970 Victor Nelsson CB 4 0 (0) 2024-2025
16%
749 Vikash Dhorasoo CM 16 0 (1) 2004-2005
16%
645 Vladimir Jugović CM 25 1 (2) 2000-2001
16%
982 Warren Bondo CM 4 0 (0) 2024-2025
16%
548 Yacine Adli DM 37 1 (2) 2022-2024
16%
753 Alberto Fontana GK 16 0 (0) 2001-2005
12%
1007 Anass Salah-Eddine LB 3 0 (1) 2024-2025
12%
781 Andrea Pinamonti ST 13 1 (0) 2016-2017, 2020-2021
12%
1014 Angelo Palombo DM 3 0 (0) 2011-2012
12%
915 Antunes LB 6 0 (0) 2007-2008
12%
761 Assane Demoya Gnoukouri CM 15 0 (0) 2014-2017
12%
854 Aster Vranckx CM 9 0 (1) 2022-2023
12%
703 Benoît Cauet CM 19 0 (2) 2000-2002
12%
887 Bryan Reynolds RB 7 0 (0) 2020-2022
12%
576 Carlos Gamarra CB 34 0 (1) 2002-2005
12%
616 Cesare Bovo CB 29 1 (5) 2005-2006
12%
882 Christian Keller DM 7 0 (1) 2005-2006
12%
674 Christian Wilhelmsson RW 22 1 (2) 2006-2007
12%
1041 Corrado Colombo ST 2 1 (0) 2000-2001
12%
633 Cote LB 27 0 (1) 2011-2012
12%
655 Cristian Ansaldi LB 24 0 (2) 2016-2017
12%
688 Daniele Corvia ST 20 0 (1) 2003-2005
12%
1029 Daniel Fonseca ST 2 0 (0) 2000-2001
12%
819 Davide Baiocco DM 11 0 (1) 2002-2003
12%
541 David Rozehnal CB 38 0 (0) 2007-2009
12%
706 Denis Vavro CB 19 0 (0) 2019-2022
12%
701 Diego Novaretti CB 20 0 (1) 2013-2015
12%
1162 Dimitrije Kamenovic LB 1 0 (0) 2021-2022
12%
675 Edson Braafheid LB 21 0 (1) 2014-2016
12%
944 Emanuele Belardi GK 5 0 (0) 2007-2008
12%
654 Emerson Royal RB 24 0 (0) 2024-2025
12%
946 Enzo Barrenechea DM 5 0 (0) 2022-2023
12%
702 Fabián O'Neill AM 19 0 (1) 2000-2002
12%
769 Fabio Bazzani ST 15 3 (2) 2004-2005
12%
183 Fabio Liverani DM 142 8 (14) 2001-2006
12%
884 Federico Bonazzoli ST 7 0 (0) 2013-2015
12%
846 Felice Piccolo CB 9 0 (0) 2005-2007
12%
966 Filipe DM 4 0 (0) 2008-2009
12%
621 Fisayo Dele-Bashiru AM 28 5 (3) 2024-2025
12%
1009 Francesco Bolzoni DM 3 0 (0) 2007-2009
12%
696 Francesco Colonnese CB 20 0 (0) 2000-2003
12%
526 Gerson CM 40 2 (1) 2016-2018
12%
759 Gianni Comandini ST 15 2 (2) 2000-2001
12%
446 Gianni Guigou DM 54 3 (11) 2000-2003
12%
453 Giovanni Pasquale LM 52 0 (0) 2002-2005
12%
606 Giuseppe Sculli LW 30 7 (3) 2010-2012
12%
810 Gonzalo Sorondo CB 11 0 (0) 2001-2002
12%
867 Ibrahima Mbaye RB 8 0 (0) 2012-2013, 2014-2015
12%
802 Iván Marcano CB 12 0 (0) 2018-2019
12%
1002 Ivan Vargic GK 3 0 (0) 2016-2018
12%
677 Javier Garrido LB 21 0 (1) 2010-2012
12%
921 Jonas Rouhi LB 6 0 (0) 2024-2025
12%
829 Jonathan Bachini LM 10 0 (1) 2000-2001
12%
1215 Lampros Choutos ST 1 0 (0) 2006-2007
12%
1155 Lino Marzorati CB 1 0 (0) 2004-2005
12%
412 Lionel Scaloni RB 60 1 (3) 2007-2008, 2009-2013
12%
871 Lorenzo Colombo ST 8 0 (0) 2019-2021
12%
456 Lorenzo De Silvestri RB 51 0 (2) 2006-2009
12%
572 Loum Tchaouna RW 35 2 (1) 2024-2025
12%
744 Luca Marrone CB 16 1 (1) 2009-2010, 2011-2013
12%
927 Luc Castaignos ST 6 1 (0) 2011-2012
12%
945 Luciano RM 5 0 (0) 2003-2004
12%
975 Lucien Agoumé DM 4 0 (0) 2019-2020, 2023-2024
12%
766 Marius Stankevicius CB 15 0 (0) 2011-2013
12%
697 Mark Bresciano CM 20 0 (0) 2010-2011
12%
656 Massimo Donati DM 24 0 (0) 2001-2002
12%
1109 Mattia Cassani RB 1 0 (0) 2002-2003
12%
1085 Michelangelo Rampulla GK 1 0 (0) 2000-2001
12%
1098 Michele Piccolo ST 1 0 (1) 2002-2003
12%
712 Michele Serena LB 19 0 (1) 2000-2002
12%
994 Mohamed Sarr CB 3 1 (0) 2001-2002
12%
440 Mourad Meghni AM 55 1 (2) 2007-2010
12%
667 Nelson Vivas RB 22 0 (0) 2001-2003
12%
647 Nicola Ventola ST 25 9 (2) 2001-2002
12%
415 Nicolò Casale CB 59 1 (1) 2022-2025
12%
1089 Oguchi Onyewu CB 1 0 (0) 2009-2010
12%
1067 Oliver Provstgaard CB 2 0 (0) 2024-2025
12%
812 Paolo Castellini LB 11 0 (0) 2010-2011
12%
943 Pep Guardiola DM 5 0 (0) 2002-2003
12%
689 Pierre Womé LB 20 0 (0) 2005-2006
12%
718 Randal Kolo Muani ST 18 8 (1) 2024-2025
12%
720 Raúl Moro LW 18 0 (1) 2019-2022
12%
768 Renato Veiga CB 15 0 (1) 2024-2025
12%
964 Rey Manaj ST 4 0 (0) 2015-2016
12%
668 Ricardo Faty DM 22 0 (3) 2006-2007, 2009-2010
12%
876 Riccardo Saponara AM 8 0 (0) 2013-2015
12%
725 Riza Durmisi LB 17 0 (1) 2018-2019
12%
991 Rodrigo Ely CB 3 0 (0) 2015-2016
12%
743 Rômulo CM 16 0 (1) 2014-2015, 2018-2019
12%
836 Rubén Botta AM 10 0 (0) 2013-2014
12%
801 Salvatore Fresi CB 12 1 (0) 2002-2003
12%
136 Sebastiano Siviglia CB 170 10 (1) 2001-2002, 2004-2010
12%
933 Senna Miangue CB 5 0 (0) 2016-2017
12%
648 Simone Del Nero LW 25 0 (0) 2007-2012
12%
934 Simone Muratore CM 5 0 (0) 2019-2020
12%
926 Souleymane Diamoutene CB 6 0 (0) 2008-2009
12%
450 Stephen Makinwa ST 52 3 (2) 2006-2010
12%
1137 Stephy Mavididi LW 1 0 (0) 2018-2019
12%
1156 Tiago Djaló CB 1 0 (0) 2023-2024
12%
1078 Tomás Palacios CB 2 0 (0) 2024-2025
12%
424 Tommaso Baldanzi AM 58 1 (2) 2023-2025
12%
909 Umar Sadiq ST 6 2 (0) 2015-2016
12%
1175 Valerio Fiori GK 1 0 (0) 2002-2003
12%
959 Vampeta CM 4 0 (0) 2000-2001
12%
895 Vasilije Adžić AM 7 0 (0) 2024-2025
12%
693 William Vainqueur DM 20 0 (2) 2015-2016
12%
1038 Adrian Piț LM 2 0 (1) 2009-2010
8%
995 Alen Halilovic AM 3 0 (0) 2018-2019
8%
501 Alessandro Murgia CM 43 3 (1) 2016-2019
8%
780 Alessandro Rinaldi RB 13 0 (1) 2000-2001
8%
993 Alfred Duncan CM 3 0 (0) 2012-2013
8%
746 Amedeo Mangone CB 16 0 (0) 2000-2001
8%
1136 Andrea Favilli ST 1 0 (0) 2015-2016
8%
903 Andrea Giallombardo LB 6 0 (0) 2005-2006
8%
1025 Andrea Romanò CM 2 0 (0) 2012-2013
8%
529 Antonio Filippini RM 40 2 (6) 2004-2005
8%
935 Athirson LB 5 0 (0) 2000-2001
8%
745 Attilio Lombardo RW 16 0 (0) 2000-2001
8%
822 Benjamin Tahirović CM 11 0 (0) 2022-2023
8%
773 Bobby Adekanye RW 14 1 (1) 2019-2020
8%
833 Carlos Alcaraz CM 10 0 (1) 2023-2024
8%
716 Cristiano Lombardi RW 18 1 (0) 2016-2017
8%
784 Cristian Volpato AM 13 2 (1) 2021-2023
8%
941 Dario Venitucci AM 5 0 (0) 2006-2007
8%
820 Davide Bombardini LM 11 0 (0) 2002-2003
8%
917 Davide Lanzafame ST 6 0 (0) 2006-2007, 2010-2011
8%
1158 Digão CB 1 0 (0) 2007-2008
8%
978 Emanuele Concetti GK 4 0 (0) 2002-2003
8%
605 Emanuele Filippini CM 30 0 (4) 2004-2005
8%
874 Emiliano Alfaro ST 8 0 (0) 2011-2012
8%
1122 Enrico Baldini LW 1 0 (0) 2014-2015
8%
544 Fabio Firmani CM 37 3 (0) 2005-2007, 2009-2010
8%
830 Fabio Macellari LB 10 0 (0) 2000-2001
8%
734 Fabrizio Ravanelli ST 17 4 (2) 2000-2001
8%
597 Federico Giunti DM 31 1 (7) 2000-2001
8%
989 Felice Natalino CB 3 0 (0) 2010-2011
8%
981 Filippo Missori RB 4 0 (0) 2021-2023
8%
307 Gaby Mudingayi DM 88 1 (7) 2005-2007, 2012-2014
8%
932 George Pușcaș ST 5 0 (0) 2014-2015
8%
1207 Giacomo Beretta ST 1 0 (0) 2010-2011
8%
733 Gianluca Frabotta LB 17 0 (1) 2019-2021
8%
815 Giuseppe Scurto CB 11 0 (0) 2004-2005
8%
611 Gonzalo Escalante CM 29 0 (1) 2020-2022
8%
765 Guerino Gottardi RM 15 1 (0) 2000-2004
8%
1159 Ibrahim Maaroufi DM 1 0 (0) 2006-2007
8%
958 Isaac Donkor CB 4 0 (0) 2012-2013, 2014-2015
8%
1199 Iván de la Peña AM 1 0 (0) 2001-2002
8%
800 Jérémie Bréchet CB 12 0 (0) 2003-2004
8%
599 Jony LW 30 0 (2) 2019-2020
8%
1073 Joseph Nonge CM 2 0 (0) 2023-2024
8%
987 Kevin Zeroli CM 4 0 (0) 2023-2025
8%
1056 Koni De Winter CB 2 0 (0) 2021-2022
8%
538 Leandro Greco CM 38 1 (3) 2004-2005, 2010-2012
8%
1006 Leandro Grimi LB 3 0 (0) 2006-2007
8%
1111 Leandro Rinaudo CB 1 0 (0) 2010-2011
8%
791 Leonardo Talamonti CB 12 1 (0) 2004-2005
8%
1017 Lorenzo Ariaudo CB 3 0 (0) 2008-2009
8%
469 Lucas Castromán RM 48 5 (6) 2000-2003
8%
1181 Luca Stanga CB 1 0 (0) 2021-2022
8%
1054 Luca Zanimacchia RW 2 0 (0) 2019-2020
8%
661 Luigi Sartor RB 23 0 (1) 2002-2003, 2004-2005
8%
1090 Lukas Spendlhofer CB 1 0 (0) 2012-2013
8%
1004 Manolo Portanova CM 3 0 (0) 2018-2019, 2020-2021
8%
1074 Marcel Büchel DM 2 0 (0) 2010-2011
8%
824 Marco Benassi CM 10 1 (0) 2012-2013
8%
1161 Marco Brescianini CM 1 0 (0) 2019-2020
8%
1066 Marco Donadel DM 2 0 (0) 2000-2002
8%
890 Marco Zanchi CB 7 0 (0) 2000-2001
8%
980 Martín Satriano ST 4 0 (0) 2021-2022
8%
842 Massimo Bonanni LM 9 0 (1) 2005-2006
8%
1192 Mathías Cardacio CM 1 0 (0) 2008-2009
8%
713 Matías Silvestre CB 18 1 (0) 2012-2014
8%
1218 Mattia Liberali AM 1 0 (0) 2024-2025
8%
1046 Mattia Vitale CM 2 0 (0) 2014-2015
8%
1187 Maurizio Lanzaro CB 1 0 (0) 2000-2001
8%
1076 Moritz Leitner CM 2 0 (0) 2016-2017
8%
1124 Moustapha Seck LB 1 0 (0) 2016-2017
8%
762 Nicola Amoruso ST 15 1 (3) 2001-2002
8%
902 Norbert Gyömbér CB 6 0 (0) 2015-2016
8%
644 Pereirinha RW 25 0 (2) 2012-2015
8%
897 Ravel Morrison AM 6 0 (0) 2015-2016
8%
832 Rene Krhin DM 10 0 (0) 2009-2010, 2014-2015
8%
839 Riccardo Bonetto LB 9 0 (0) 2006-2007
8%
351 Roberto Baronio DM 75 1 (3) 2000-2001, 2005-2007, 2009-2010
8%
729 Simone Loria CB 17 3 (0) 2008-2009, 2010-2011
8%
996 Simone Palombi ST 3 0 (0) 2017-2018
8%
851 Stefano Guberti LW 9 0 (0) 2009-2010
8%
1040 Tin Jedvaj CB 2 0 (0) 2013-2014
8%
925 Valentín Carboni AM 6 0 (0) 2022-2023
8%
792 Valerio Virga RB 12 0 (0) 2004-2005, 2006-2007, 2008-2009
8%
1049 Viktor Budyanskiy CM 2 0 (0) 2003-2004
8%
1068 Vitaliy Kutuzov ST 2 0 (0) 2001-2002
8%
998 Abel Xavier RB 3 0 (0) 2004-2005
4%
1033 Adewale Dauda Wahab CM 2 0 (0) 2003-2004
4%
1216 Adrian Stoian LW 1 0 (0) 2008-2009
4%
1022 Alberto Libertazzi ST 2 0 (0) 2010-2011
4%
1086 Alen Stevanovic LW 1 0 (0) 2009-2010
4%
972 Alessandro Di Pardo RB 4 0 (0) 2020-2021
4%
1178 Alessandro Frara DM 1 0 (0) 2001-2002
4%
1139 Andrea Masiello CB 1 0 (0) 2004-2005
4%
1116 Andrea Palazzi DM 1 0 (0) 2014-2015
4%
1018 Ante Coric AM 3 0 (0) 2018-2019
4%
662 Anthony Seric LB 23 0 (2) 2004-2005
4%
1042 Antonio Sanabria ST 2 0 (0) 2014-2015
4%
1195 Ayub Daud CF 1 0 (0) 2008-2009
4%
1206 Bob Murphy Omoregbe RW 1 0 (0) 2024-2025
4%
657 Bruno Cirillo CB 24 0 (0) 2000-2001
4%
1005 Bruno Jordão DM 3 0 (0) 2018-2019
4%
957 Claudio De Sousa ST 4 1 (0) 2004-2005
4%
1173 Cosimo da Graça ST 1 0 (0) 2021-2022
4%
1183 Cristian Pasquato CF 1 0 (0) 2007-2008
4%
1099 Daniele Daino RB 1 0 (0) 2000-2001
4%
1144 Daouda Peeters DM 1 0 (0) 2019-2020
4%
1034 Davide Chiumiento AM 2 0 (0) 2003-2004
4%
1115 Davide Di Molfetta AM 1 0 (0) 2014-2015
4%
756 Davide Faraoni RB 16 1 (0) 2011-2012
4%
1142 Davide Merola RW 1 0 (0) 2018-2019
4%
1075 Denis Alibec ST 2 0 (0) 2010-2011
4%
1081 Diego Pugno ST 1 0 (0) 2024-2025
4%
1026 Dino Marino CM 2 0 (0) 2004-2005
4%
879 Eliseu LB 7 0 (0) 2009-2010
4%
942 Emanuele Pesaresi LB 5 0 (0) 2000-2001
4%
984 Ettore Mendicino ST 4 0 (0) 2008-2009
4%
838 Fabio Vignaroli ST 9 0 (1) 2007-2008
4%
1146 Fabrizio Caligara CM 1 0 (0) 2017-2018
4%
953 Fabrizio Casazza GK 4 0 (0) 2004-2005
4%
1039 Federico Mattiello RB 2 0 (0) 2014-2015
4%
955 Federico Ricci RW 4 0 (0) 2013-2014
4%
900 Federico Viviani DM 6 0 (0) 2011-2012
4%
1167 Felipe Mattioni RB 1 0 (0) 2008-2009
4%
1163 Félix Correia LW 1 0 (0) 2020-2021
4%
1023 Filippo Boniperti RW 2 0 (0) 2010-2011
4%
1101 Francesco Forte ST 1 0 (0) 2012-2013
4%
1072 Gaël Kakuta AM 2 0 (0) 2013-2014
4%
584 Gaetano D'Agostino CM 33 1 (7) 2000-2001, 2003-2005
4%
1210 Giacomo De Pieri RW 1 0 (0) 2024-2025
4%
1050 Giacomo Vrioni ST 2 0 (0) 2019-2021
4%
1031 Giammario Piscitella LW 2 0 (1) 2011-2012
4%
930 Gianluca Caprari CF 5 0 (0) 2010-2011, 2013-2014
4%
1079 Gianmarco Zigoni ST 1 0 (0) 2009-2010
4%
1108 Ivan Artipoli CB 1 0 (0) 2007-2008
4%
889 Ivan Tomic DM 7 0 (0) 2001-2003
4%
997 Joseph Minala DM 3 0 (0) 2013-2014
4%
1186 Leonardo Cerri ST 1 0 (0) 2023-2024
4%
1208 Lorenzo Anghelè CF 1 0 (0) 2024-2025
4%
1179 Luan Capanni AM 1 0 (0) 2018-2019
4%
1204 Luca Caldirola CB 1 0 (0) 2011-2012
4%
1013 Luca Castiglia CM 3 0 (0) 2007-2009
4%
883 Luca Crecco LM 7 1 (0) 2012-2013, 2016-2018
4%
1059 Luca Saudati ST 2 0 (0) 2000-2001
4%
534 Manuel Belleri RB 39 2 (1) 2005-2006, 2008-2009
4%
949 Manuel Giandonato DM 4 0 (0) 2009-2011
4%
1063 Marco Bertini DM 2 0 (0) 2020-2021, 2022-2023
4%
965 Marco Olivieri ST 4 0 (0) 2019-2020
4%
1180 Martin Palumbo DM 1 0 (0) 2021-2022
4%
920 Matías Lequi CB 6 0 (0) 2004-2005
4%
1094 Matteo Liviero LM 1 0 (0) 2010-2011
4%
1012 Mattia Zanotti RB 3 0 (0) 2021-2023
4%
913 Mert Çetin CB 6 0 (0) 2019-2020
4%
968 Michele Paolucci ST 4 0 (0) 2009-2010
4%
1020 Niccolò Giannetti ST 3 1 (0) 2010-2011
4%
977 Nicola Beati DM 4 0 (1) 2000-2001, 2002-2003
4%
1032 Nicola Napolitano CM 2 0 (0) 2002-2003
4%
1166 Nicolás Spolli CB 1 0 (0) 2014-2015
4%
969 Nicolò Armini CB 4 0 (0) 2018-2021
4%
1170 Nikola Sekulov AM 1 0 (0) 2023-2024
4%
929 Nwankwo Obiora DM 5 0 (1) 2010-2011
4%
1164 Paolo Gozzi CB 1 0 (0) 2018-2019
4%
1176 Pietro Boer GK 1 0 (0) 2020-2021
4%
974 Raffaele Bianco DM 4 1 (0) 2006-2007
4%
928 Reda Belahyane DM 6 0 (0) 2024-2025
4%
1148 Riccardo Forte CF 1 0 (0) 2017-2018
4%
1060 Samuel Dahl LB 2 0 (0) 2024-2025
4%
1087 Samuele Longo ST 1 0 (0) 2011-2012
4%
1103 Stefano Beltrame AM 1 0 (0) 2012-2013
4%
1196 Tabaré Viúdez RW 1 0 (0) 2008-2009
4%
898 Thomas Hitzlsperger CM 6 1 (0) 2009-2010
4%
976 Tommaso Barbieri RB 4 0 (0) 2022-2023
4%
1070 Vid Belec GK 2 0 (0) 2012-2013
4%
1149 Vincent Péricard ST 1 0 (0) 2001-2002
4%
1069 Vincenzo Camilleri CB 2 0 (0) 2010-2011
4%
1138 Zan Celar ST 1 0 (0) 2018-2019
4%
1153 Alberto Quadri DM 1 0 (1) 2006-2007
0%
1214 Alessandro Crescenzi LB 1 0 (0) 2008-2009
0%
1125 Alessandro Mastalli CM 1 0 (0) 2014-2015
0%
1193 Alessandro Tuia CB 1 0 (0) 2008-2009
0%
1071 Alessio Luciani RB 2 0 (0) 2009-2010
0%
1053 Alessio Miceli CM 2 0 (0) 2017-2018
0%
1174 Alex Guerci CM 1 0 (0) 2006-2007
0%
1107 Andrea Bandini RB 1 0 (0) 2012-2013
0%
1123 Andrea Briotti LB 1 0 (0) 2004-2005
0%
1092 Andrea De Vito CB 1 0 (0) 2009-2010
0%
1027 Andrea Luciani MF 2 0 (0) 2000-2001
0%
1030 Antonio Pacheco CF 2 0 (0) 2000-2001
0%
899 Antonio Rozzi ST 6 0 (0) 2011-2013
0%
1119 Chris Ikonomidis RW 1 0 (0) 2015-2016
0%
1177 Damiano Ferronetti CB 1 0 (0) 2002-2003
0%
1028 Daniele Ruggiu FW 2 0 (0) 2000-2001
0%
1110 Diego De Ascentis DM 1 0 (0) 2000-2001
0%
1203 Dimitrios Keramitsis CB 1 0 (0) 2021-2022
0%
1152 Domenico Germinale ST 1 0 (0) 2005-2006
0%
1062 Drazen Brncic CM 2 0 (0) 2000-2001
0%
1217 Ebenezer Akinsanmiro CM 1 0 (0) 2023-2024
0%
1135 Edoardo Soleri ST 1 0 (0) 2015-2016
0%
1061 Emanuele Berrettoni CF 2 0 (0) 2000-2002
0%
1134 Emanuele Torrasi CM 1 0 (0) 2017-2018
0%
951 Enrico Zampa DM 4 0 (0) 2011-2012
0%
1129 Fabio Della Giovanna CB 1 0 (0) 2015-2016
0%
1114 Fabrizio Melara RM 1 0 (0) 2004-2005
0%
1221 Federico Sevieri CM 1 0 (0) 2009-2010
0%
1058 Felice Evacuo ST 2 0 (0) 2001-2002
0%
1082 Filippo Scardina ST 1 1 (0) 2009-2010
0%
1065 Filippo Tripi DM 2 0 (0) 2020-2021
0%
1191 Francesco D'Alessio CM 1 0 (0) 2023-2024
0%
1117 Franjo Prce CB 1 0 (0) 2016-2017
0%
1201 Gabriele Puccio CM 1 0 (0) 2007-2008
0%
1184 Giacomo Faticanti DM 1 0 (0) 2022-2023
0%
1128 Gian Filippo Felicioli LB 1 0 (0) 2014-2015
0%
1145 Gianluca Galasso RB 1 0 (0) 2003-2004
0%
1147 Giorgio Spizzichino RB 1 0 (0) 2016-2017
0%
1150 Goran Slavkovski ST 1 0 (0) 2005-2006
0%
1121 Guido Guerrieri GK 1 0 (0) 2018-2019
0%
1151 Ilario Aloe RW 1 0 (0) 2005-2006
0%
1202 Jordan Majchrzak ST 1 0 (0) 2022-2023
0%
990 Junior Tallo ST 3 0 (1) 2011-2012
0%
1091 Lorenzo Cinque ST 1 0 (0) 2009-2010
0%
1084 Lorenzo Crisetig DM 1 0 (0) 2011-2012
0%
1165 Lorenzo Pirola CB 1 0 (0) 2019-2020
0%
1055 Luca Falbo LB 2 0 (0) 2019-2020
0%
1112 Luca Franchini LB 1 0 (0) 2002-2003
0%
931 Luca Garritano AM 5 0 (0) 2012-2013
0%
1113 Luca Mazzitelli CM 1 0 (0) 2013-2014
0%
1190 Luigi Cherubini LW 1 0 (0) 2023-2024
0%
1220 Luka Topalović CM 1 0 (0) 2024-2025
0%
1044 Mamadou Tounkara ST 2 0 (0) 2013-2014, 2016-2017
0%
1019 Marco D'Alessandro RW 3 0 (0) 2008-2009
0%
1047 Marco Tumminello ST 2 0 (0) 2015-2016, 2017-2018
0%
1171 Massimiliano Marsili DM 1 0 (0) 2004-2005
0%
888 Massimo Marazzina ST 7 0 (0) 2002-2003
0%
1219 Matteo Cocchi LB 1 0 (0) 2024-2025
0%
1143 Matteo Momentè ST 1 0 (0) 2005-2006
0%
1209 Matteo Zazza CB 1 0 (0) 2024-2025
0%
1096 Mattia Dal Bello MF 1 0 (0) 2002-2003
0%
1198 Mattia Mannini RB 1 0 (0) 2023-2024
0%
1118 Michele Somma CB 1 0 (0) 2014-2015
0%
885 Mirko Antonucci AM 7 0 (1) 2017-2018, 2019-2020
0%
1104 Mirko Stefani CB 1 0 (0) 2002-2003
0%
1169 Mory Bamba RW 1 0 (0) 2020-2021
0%
1140 Niccolò Zanellato CM 1 0 (0) 2017-2018
0%
1093 Nnamdi Oduamadi LW 1 0 (0) 2010-2011
0%
1120 Olasunkanmi Akande Ajide ST 1 0 (0) 2003-2004
0%
1126 Paolo Dellafiore CB 1 0 (0) 2004-2005
0%
881 Raffaele De Martino DM 7 0 (0) 2004-2005
0%
1080 Raffaele Trezzi AM 1 0 (0) 2000-2001
0%
1130 Riccardo Marchizza LB 1 0 (0) 2016-2017
0%
1127 Riccardo Meggiorini ST 1 0 (0) 2004-2005
0%
891 Riccardo Pagano CM 7 0 (0) 2023-2024
0%
896 Riccardo Perpetuini CM 6 0 (0) 2008-2010
0%
1083 Roberto Bortolotto ST 1 0 (0) 2002-2003
0%
880 Roberto Delgado CF 7 0 (1) 2003-2005
0%
1105 Rodrigo Defendi CB 1 0 (0) 2006-2007
0%
1157 Romano Perticone CB 1 0 (0) 2004-2005
0%
1077 Salvatore Ferraro CB 2 0 (0) 2001-2002
0%
1213 Sergey Gurenko RB 1 0 (0) 2000-2001
0%
1100 Simone Ganz ST 1 0 (0) 2011-2012
0%
1172 Sixto Peralta CM 1 0 (0) 2000-2001
0%
1097 Stefano Pastrello RM 1 0 (0) 2002-2003
0%
1024 Stefano Pettinari ST 2 0 (0) 2009-2010
0%
1154 Szymon Czyz DM 1 0 (0) 2020-2021
0%
1211 Thomas Berenbruch CM 1 0 (0) 2024-2025
0%
1160 Tijani Belaid AM 1 0 (0) 2004-2005
0%
1010 Tommaso Milanese CM 3 1 (1) 2020-2021
0%
No matching quizzes found
Score Distribution
Percent of People with Each Score
Percentile by Number Answered
Your Score History
You have not taken this quiz